Sports Quiz

Random Sports or Letter Quiz

MANCHESTER UNITED's All Time Top Goalscorers A-Z' Quiz Stats

 Plays Quiz not verified by Sporcle

Score 0/26 Timer 05:00
0 Plays Today
Letter Player % Correct
XNone
100%
ZNone
99.6%
RWayne Rooney
92.8%
GRyan Giggs
88.6%
CBobby Charlton
85.8%
BGeorge Best
79%
YDwight Yorke
73.6%
LDenis Law
67.2%
NNani
59.1%
HMark Hughes
54.3%
IDenis Irwin
35.9%
MBrian McClair
32.8%
EDuncan Edwards
28%
Letter Player % Correct
VDennis Viollet
27.2%
FAlf Farman
26.2%
AGeorge Anderson
26%
TTommy Taylor
23.3%
KBrian Kidd
17.2%
QAlbert Quixall
14.1%
PStan Pearson
13.9%
UIan Ure
11.4%
JJoe Jordan
10.5%
SJoe Spence
9.6%
WGeorge Wall
9.3%
OJesper Olsen
6.9%
DBob Donaldson
2.2%

You're not logged in!

Compare scores with friends on all Sporcle quizzes.
OR
Log In

Show Comments

Extras

Top Quizzes Today


Score Distribution

Your Account Isn't Verified!

In order to create a playlist on Sporcle, you need to verify the email address you used during registration. Go to your Sporcle Settings to finish the process.

Report this User

Report this user for behavior that violates our Community Guidelines.

Details: